00725nam a2200169 a 450000100100000000500170001000800410002704000250006810000310009324501000012426000690022430000200029304900090031395201050032295201110042799900170053800003169520200930063118.0110630s2002 dr 000 0 spa d aDO-SdBNPbspacBNPHU1 aHernández, Jesús9547010aLibros dominicanos buscados sobre pensamiento :bcampaña 2001-2002 /cP. Jesús Hernández. aSanto Domingo :bBiblioteca Antillense Salesiana (Bas),c[2002]. a31 p. ;c22 cm. aBNPD 0010718PDaPDbPDcCTd2011-06-30iLF1l0o p31695-10r2020-06-25w2020-06-25yLFPDZNo se presta 0010718PDaPDbPDcCTd2011-06-30iLF1l0o p31695-20r2020-06-25te. 2w2020-06-25yLFPDZNo se presta c31187d31187